Statistics for NFL Top 50 2021 Receiving Leaders

Click here to take the quiz!

General Stats

  • This quiz has been taken 111 times
  • The average score is 40 of 50

Answer Stats

YardsTeamAnswer% Correct
1,947LARCooper Kupp
100%
1,553GBDavante Adams
99%
1,616MINJustin Jefferson
98%
802LARVan Jefferson
98%
1,455CINJa'Marr Chase
96%
1,035TBMike Evans
96%
1,225BUFStefon Diggs
96%
1,175SEATyler Lockett
95%
1,239KCTyreek Hill
95%
869TENAJ Brown
94%
1,102DALCeeDee Lamb
94%
967SEADK Metcalf
94%
1,008BALMarquise Brown
94%
865DALAmari Cooper
93%
1,405SFDeebo Samuel
93%
1,157CARDJ Moore
93%
1,103TBChris Godwin
92%
1,125KCTravis Kelce
92%
916PHIDeVonta Smith
91%
1,138LACKeenan Allen
91%
1,361BALMark Andrews
91%
910SFGeorge Kittle
89%
1,161PITDiontae Johnson
88%
1,053WASTerry McLaurin
88%
1,146LACMike Williams
87%
1,091CINTee Higgins
86%
912DETAmon-Ra St. Brown
85%
1,015MIAJaylen Waddle
85%
1,055CHIDarnell Mooney
84%
1,037HOUBrandin Cooks
82%
1,038LVHunter Renfrow
80%
1,082INDMichael Pittman
77%
828CINTyler Boyd
77%
826SFBrandon Aiyuk
75%
776DENCourtland Sutton
75%
802TBRob Gronkowski
75%
1,026ATLKyle Pitts
73%
952ARIZach Ertz
71%
832JAXMarvin Jones
70%
860PITChase Claypool
69%
982ARIChristian Kirk
65%
830PHIDallas Goedert
61%
866NEJakobi Meyers
60%
848ARIAJ Green
59%
769LAROdell Beckham
59%
800NEKendrick Bourne
58%
780MIAMike Gesicki
55%
770ATLRussell Gage
52%
734DENTim Patrick
38%
808DALDalton Shultz
19%

Score Distribution

Percentile by Number Answered

Percent of People with Each Score

Your Score History

You have not taken this quiz